Guess the Name of each Kep1er member - Statistics

General Stats
  • This quiz has been taken 435 times
  • The average score is 8 of 9
Answer Stats
Picture Answer % Correct
Yujin
96%
Hikaru
94%
Chaehyun
93%
Mashiro
93%
Bahiyyih
92%
Xiaoting
92%
Yeseo
87%
Dayeon
86%
Youngeun
82%
No matching quizzes found
Score Distribution
Percent of People with Each Score
Percentile by Number Answered
Your Score History
You have not taken this quiz